Doctor Who Missing Episodes - Statistics

General Stats
  • This quiz has been taken 88 times
    16 since last reset
  • The average score is 57 of 95
Answer Stats
Story Name Episode Name % Correct
The Savages Episode 1
85%
The Smugglers Episode 1
85%
The Highlanders Episode 1
85%
The Underwater Menace Episode 1
85%
The Moonbase Episode 1
85%
The Macra Terror Episode 1
85%
The Evil of the Daleks Episode 1
85%
Fury from the Deep Episode 1
85%
The Wheel in Space Episode 1
85%
The Savages Episode 2
85%
The Smugglers Episode 2
85%
The Highlanders Episode 2
85%
The Macra Terror Episode 2
85%
The Faceless Ones Episode 2
85%
Fury from the Deep Episode 2
85%
The Wheel in Space Episode 2
85%
The Savages Episode 3
85%
The Savages Episode 3
85%
The Highlanders Episode 3
85%
The Moonbase Episode 3
85%
The Macra Terror Episode 3
85%
The Evil of the Daleks Episode 3
85%
The Web of Fear Episode 3
85%
Fury from the Deep Episode 3
85%
The Savages Episode 4
85%
The Savages Episode 4
85%
The Tenth Planet Episode 4
85%
The Highlanders Episode 4
85%
The Underwater Menace Episode 4
85%
The Macra Terror Episode 4
85%
The Faceless Ones Episode 4
85%
The Evil of the Daleks Episode 4
85%
Fury from the Deep Episode 4
85%
The Wheel in Space Episode 4
85%
The Faceless Ones Episode 5
85%
The Evil of the Daleks Episode 5
85%
Fury from the Deep Episode 5
85%
The Wheel in Space Episode 5
85%
The Faceless Ones Episode 6
85%
The Evil of the Daleks Episode 6
85%
Fury from the Deep Episode 6
85%
The Evil of the Daleks Episode 7
85%
Mission to the Unknown Mission to the Unknown
69%
The Power of the Daleks Episode Five
54%
The Abominable Snowmen Episode Five
54%
The Space Pirates Episode Five
54%
The Power of the Daleks Episode Four
54%
The Abominable Snowmen Episode Four
54%
The Invasion Episode Four
54%
The Space Pirates Episode Four
54%
The Power of the Daleks Episode One
54%
The Abominable Snowmen Episode One
54%
The Invasion Episode One
54%
The Space Pirates Episode One
54%
The Power of the Daleks Episode Six
54%
The Abominable Snowmen Episode Six
54%
The Space Pirates Episode Six
54%
The Power of the Daleks Episode Three
54%
The Abominable Snowmen Episode Three
54%
The Space Pirates Episode Three
54%
The Power of the Daleks Episode Two
54%
The Daleks' Master Plan The Feast of Steven
54%
Marco Polo The Roof of the World
54%
The Ice Warriors Three
54%
The Ice Warriors Two
54%
The Daleks' Master Plan Coronas of the SUn
46%
The Daleks' Master Plan Destruction of Time
46%
Galaxy 4 Four Hundred Dawns
46%
The Daleks' Master Plan The Traitors
46%
The Daleks' Master Plan Volcano
46%
The Myth Makers Horse of Destruction
38%
The Myth Makers Small Prophet, Quick Return
38%
Galaxy 4 The Exploding Planet
38%
Marco Polo The Singing Sands
38%
The Reign of Terror The Tyrant of France
38%
The Crusade The Warlords
38%
Marco Polo Assassin at Peking
31%
The Daleks' Master Plan The Abandoned Planet
31%
The Celestial Toymaker The Celestial Toyroom
31%
The Celestial Toymaker The Hall of Dolls
31%
The Massacre of St Bartholomew's Eve The Sea Beggar
31%
The Reign of Terror A Bargain of Necessity
23%
The Massacre of St Bartholomew's Eve Bell of Doom
23%
The Myth Makers Death of a Spy
23%
Marco Polo Five Hundred Eyes
23%
The Daleks' Master Plan Golden Death
23%
Marco Polo MIghty Kublai Khan
23%
Marco Polo Rider from Shang-Tu
23%
The Myth Makers Temple of Secrets
23%
The Celestial Toymaker The Dancing Floor
23%
The Crusade The Knight of Jaffa
23%
Marco Polo The Wall of Lies
23%
Galaxy 4 Trap of Steel
23%
The Massacre of St Bartholomew's Eve Priest of Death
15%
The Massacre of St Bartholomew's Eve War of God
15%
No matching quizzes found
Score Distribution
Percent of People with Each Score
Percentile by Number Answered
Your Score History
You have not taken this quiz since the last reset